自治体名に使われている15画以上の漢字(2000年) - Statistics

General Stats
  • This quiz has been taken 265 times
  • The average score is 25 of 114
Answer Stats
画数 所在地 % Correct
新潟など
75%
21 石川京都など
56%
沖縄など
50%
東京など
49%
埼玉など
48%
宮城など
48%
23 徳島など
47%
茨城など
46%
24 秋田など
43%
岐阜など
43%
沖縄
43%
宮城
42%
沖縄
42%
神奈川など
41%
東京など
41%
千葉神奈川
38%
岐阜など
37%
福島など
37%
滋賀など
36%
鹿児島
35%
沖縄
34%
福井
34%
北海道
34%
青森
33%
鹿児島
33%
北海道など
33%
熊本
32%
新潟
31%
岐阜など
31%
長野など
31%
埼玉
31%
香川
29%
福島など
29%
岐阜など
29%
茨城など
28%
三重佐賀
27%
青森
26%
橿 奈良
26%
群馬
26%
徳島など
26%
京都など
26%
徳島
25%
17 栃木三重など
25%
新潟
25%
北海道
25%
広島など
24%
山形
24%
北海道
24%
北海道
24%
長崎
22%
大阪など
22%
22 岡山など
21%
岡山など
21%
岐阜など
21%
16 兵庫など
21%
福島
20%
長野など
20%
19 愛知など
19%
北海道
19%
北海道
19%
滋賀など
19%
長野
19%
茨城など
19%
福島など
18%
岐阜など
18%
埼玉
17%
宮城など
17%
福島など
17%
北海道
16%
埼玉
16%
北海道
16%
北海道
16%
兵庫
16%
宮崎
15%
千葉
15%
佐賀宮崎など
15%
20 山梨
13%
愛知など
13%
長崎など
13%
山口熊本
13%
沖縄など
13%
神奈川
13%
鹿児島
13%
調 広島など
12%
宮城
11%
群馬
11%
鹿児島
11%
長野
11%
宮城
11%
群馬
10%
鹿児島
9%
群馬など
9%
福島
9%
北海道
8%
18 三重
8%
千葉
8%
16 鹿児島など
8%
宮崎
8%
鹿児島
8%
青森
7%
愛知
6%
三重
6%
新潟
6%
15 福岡
6%
岐阜
6%
北海道
5%
埼玉
4%
岡山
4%
茨城
4%
鹿児島
4%
山梨など
3%
静岡
3%
佐賀
2%
福岡
1%
No matching quizzes found
Score Distribution
Percent of People with Each Score
Percentile by Number Answered
Your Score History
You have not taken this quiz